[Event "Wch U16 Girls"]
[Site "Porto Carras"]
[Date "2018.10.21"]
[Round "2"]
[White "Cohen, Yael"]
[Black "Gombocz, Zsofia"]
[Result "0-1"]
[WhiteElo "1602"]
[BlackElo "2038"]
[PlyCount "62"]
[EventDate "2018.10.20"]
[EventType "swiss"]
[EventRounds "11"]
[EventCountry "GRE"]
[SourceTitle "CBM 187 Extra"]
[Source "ChessBase"]
[SourceDate "2018.11.04"]
[SourceVersion "1"]
[SourceVersionDate "2018.11.04"]
[SourceQuality "1"]

1. e4 e5 2. Nc3 Nf6 3. f4 d5 4. fxe5 Nxe4 5. Nf3 Bg4 6. Qe2 Nc5 7. d4 Bxf3 8. Qxf3 Qh4+ 9. Qf2 Qxf2+ 10. Kxf2 Ne6 11. Be3 c6 12. Bd3 g6 13. Raf1 Bg7 14. Ke2 Nd7 15. Nd1 f6 16. exf6 Nxf6 17. c3 0-0 18. Nf2 Kh8 19. h4 Nh5 20. g4 Ng3+ 21. Kd2 Nxf1+ 22. Rxf1 Nf4 23. Bc2 Ng2 24. Bg5 h6 25. Be7 Rf7 26. Bd6 Nxh4 27. Bg3 Nf3+ 28. Kd1 Raf8 29. Bxg6 Nh2 30. Rh1 Rxf2 31. Bxh2 Rxb2 0-1

[Event "EU-ch U14 Girls 27th"]
[Site "Mamaia"]
[Date "2017.09.13"]
[Round "8"]
[White "Cohen, Yael"]
[Black "Hovhannisyan, Mane"]
[Result "0-1"]
[WhiteElo "1473"]
[BlackElo "1609"]
[PlyCount "70"]
[EventDate "2017.09.05"]
[EventType "swiss"]
[EventRounds "9"]
[EventCountry "ROU"]
[SourceTitle "CBM 180 Extra"]
[Source "ChessBase"]
[SourceDate "2017.10.06"]
[SourceVersion "1"]
[SourceVersionDate "2017.10.06"]
[SourceQuality "1"]

1. e4 c6 2. d4 d5 3. e5 Bf5 4. Nf3 e6 5. Be2 Nd7 6. 0-0 Ne7 7. Nbd2 c5 8. c3 Nc6 9. Re1 Be7 10. Nf1 Rc8 11. Ng3 Bg6 12. Be3 a6 13. a3 0-0 14. Nd2 Qb6 15. Qb3 Qa7 16. Nf3 c4 17. Qd1 b5 18. Nd2 Nb6 19. Rf1 Qd7 20. Bh5 Bd3 21. Be2 Bg6 22. Bh5 Na4 23. Bxg6 fxg6 24. Rb1 Bxa3 25. bxa3 Nxc3 26. Qg4 Nxb1 27. Nxb1 Ne7 28. Nc3 a5 29. Rb1 Rb8 30. Na2 Nc6 31. Bd2 Qf7 32. f4 Nxd4 33. Bxa5 Qxf4 34. Qxf4 Rxf4 35. a4 Nb3 0-1

[Event "EU-ch U14 Girls 27th"]
[Site "Mamaia"]
[Date "2017.09.07"]
[Round "3"]
[White "Cohen, Yael"]
[Black "Khamenya, Vitalia"]
[Result "0-1"]
[WhiteElo "1473"]
[BlackElo "1853"]
[PlyCount "46"]
[EventDate "2017.09.05"]
[EventType "swiss"]
[EventRounds "9"]
[EventCountry "ROU"]
[SourceTitle "CBM 180 Extra"]
[Source "ChessBase"]
[SourceDate "2017.10.06"]
[SourceVersion "1"]
[SourceVersionDate "2017.10.06"]
[SourceQuality "1"]

1. e4 e6 2. d3 d5 3. Qe2 Nc6 4. Nf3 e5 5. exd5 Qxd5 6. Nc3 Bb4 7. Bd2 Bxc3 8. Bxc3 Bg4 9. Qe4 Bxf3 10. gxf3 Nf6 11. Qe2 0-0-0 12. Rg1 Rhg8 13. Rg5 Rde8 14. Bg2 Nd4 15. Bxd4 exd4 16. Rxd5 Rxe2+ 17. Kxe2 Nxd5 18. Bh3+ Kd8 19. Kd2 Nf4 20. Bf5 g6 21. Be4 c6 22. c3 dxc3+ 23. bxc3 f5 0-1